Best NFL Quarterback by Draft - Statistics

General Stats
  • This quiz has been taken 1,479 times
  • The average score is 16 of 42
Answer Stats
Hint Answer College % Correct
2021 Trevor Lawrence Clemson
94%
2017 Patrick Mahomes Texas Tech
89%
2018 Josh Allen Wyoming
86%
2020 Justin Herbert Oregon
86%
2019 Kyler Murray Oklahoma
81%
2011 Cam Newton Auburn
76%
2015 Jameis Winston Florida State
74%
2000 Tom Brady Michigan
71%
2009 Matthew Stafford Georgia
68%
2016 Dak Prescott Mississippi State
63%
2014 Derek Carr Fresno State
63%
2005 Aaron Rodgers California
62%
2004 Ben Roethlisberger Miami (OH)
60%
1998 Peyton Manning Tennessee
60%
2008 Matt Ryan Boston College
59%
2001 Drew Brees Purdue
56%
2010 Sam Bradford Oklahoma
52%
2003 Carson Palmer USC
45%
2013 Geno Smith West Virginia
43%
2012 Russell Wilson North Carolina State
41%
2006 Jay Cutler Vanderbilt
33%
1991 Brett Favre Southern Mississippi
31%
1999 Donovan McNabb Syracuse
31%
1983 Dan Marino Pittsburgh
30%
1989 Troy Aikman UCLA
28%
1993 Drew Bledsoe Washington State
18%
1987 Vinny Testaverde Miami
18%
1997 Jake Plummer Arizona State
14%
1990 Jeff George Illinois
13%
1982 Jim McMahon BYU
11%
1995 Kerry Collins Penn State
11%
1984 Boomer Esiason Maryland
10%
1985 Randall Cunningham UNLV
7%
1992 Brad Johnson Florida State
4%
2007 Trent Edwards Stanford
4%
1994 Gus Frerotte Tulsa
3%
1986 Jim Everett Purdue
3%
1981 Neil Lomax Portland State
3%
1996 Tony Banks Michigan State
3%
1988 Chris Chandler Washington
2%
2002 Josh McCown SMU
2%
1980 Marc Wilson BYU
2%
No matching quizzes found
Score Distribution
Percent of People with Each Score
Percentile by Number Answered
Your Score History
You have not taken this quiz